LDR 00892naa#a2200181#i#450# 001 RU\\bibl\122683 005 20260701042440.3 011 ## _a2686-9896 100 ## _a20260515b2026####ek#y0rusy0150####ca 102 ## _aRU 200 1# _aСОВРЕМЕННЫЕ МЕТОДЫ ИДЕНТИФИКАЦИИ И КОЛИЧЕСТВЕННОГО ОПРЕДЕЛЕНИЯ ПРИРОДНЫХ И СИНТЕТИЧЕСКИХ ПОДСЛАСТИТЕЛЕЙ _eЖурнальная статья 210 1# _aАнгарск _cФГБОУ ВО "Ангарский государственный технический университет" _d2026 215 ## _a2 с. 608 ## _aЖурнальная статья _2local 675 ## _aАналитическая химия. 543 _z 700 #1 _aФомина _gЛариса Валерьевна 700 #1 _aБезносюк _gСергей Александрович 856 4# _aangtu.editorum.ru _u